000 00630nam a2200193 a 4500
001 000046975
005 20201002053245.0
008 180406s2016 dr a 000 0 spa d
020 _a9789945123791
040 _aDO-SdBNP
_bspa
_cBNPHU
082 _axxxx
_bR696edu
100 1 _aRodríguez Rosario, Islen Elba
_974874
245 1 0 _aEducación artística 6 :
_bnivel primario /
_cIslen Elba Rodríguez Rosario.
260 _aSanto Domingo :
_bSusaeta,
_c2016.
300 _a151 p. :
_bil. ;
_c22 cm.
500 _aEnfoque por competencias nuevo currículo
504 _aBibliografía : p. 150-151
590 _aInventariado, 2018/LP
999 _c46463
_d46463